5HLuxD.jpg

KING HENRY VIII SENIOR AND PRIMARY SCHOOL LIBRARY OPAC

Cambridge essential English dictionary. (Record no. 2849)

000 -LEADER
fixed length control field 00978cam a2200289 a 4500
001 - CONTROL NUMBER
control field 16776591
003 - CONTROL NUMBER IDENTIFIER
control field OSt
005 - DATE AND TIME OF LATEST TRANSACTION
control field 20230823160457.0
008 - FIXED-LENGTH DATA ELEMENTS--GENERAL INFORMATION
fixed length control field 110513s2011 enkaf d 000 0 engd
010 ## - LIBRARY OF CONGRESS CONTROL NUMBER
LC control number 2011389551
020 ## - INTERNATIONAL STANDARD BOOK NUMBER
International Standard Book Number 9780521170925
040 ## - CATALOGING SOURCE
Original cataloging agency DLC
Transcribing agency DLC
Modifying agency DLC
-- KH8
042 ## - AUTHENTICATION CODE
Authentication code pcc
082 ## - DEWEY DECIMAL CLASSIFICATION NUMBER
Classification number 423 CAM
130 ## - MAIN ENTRY--UNIFORM TITLE
Uniform title Cambridge essential English dictionary.
245 00 - TITLE STATEMENT
Title Cambridge essential English dictionary.
246 30 - VARYING FORM OF TITLE
Title proper/short title Essential English dictionary
250 ## - EDITION STATEMENT
Edition statement 2nd ed.
260 ## - PUBLICATION, DISTRIBUTION, ETC.
Place of publication, distribution, etc. Cambridge ;
-- New York :
Name of publisher, distributor, etc. Cambridge University Press,
Date of publication, distribution, etc. c2011.
300 ## - PHYSICAL DESCRIPTION
Extent xxi, 481 p., 16 p. of plates :
Other physical details ill. (some col.) ;
Dimensions 20 cm.
650 #0 - SUBJECT ADDED ENTRY--TOPICAL TERM
Topical term or geographic name entry element English language
Form subdivision Dictionaries.
650 #0 - SUBJECT ADDED ENTRY--TOPICAL TERM
Topical term or geographic name entry element English language
Form subdivision Textbooks for foreign speakers.
710 2# - ADDED ENTRY--CORPORATE NAME
Corporate name or jurisdiction name as entry element Cambridge University Press.
906 ## - LOCAL DATA ELEMENT F, LDF (RLIN)
a 7
b cbc
c origcop
d 2
e epcn
f 20
g y-gencatlg
942 ## - ADDED ENTRY ELEMENTS (KOHA)
Source of classification or shelving scheme
Koha item type Teaching Resources
Holdings
Withdrawn status Lost status Source of classification or shelving scheme Damaged status Not for loan Collection code Permanent Location Current Location Shelving location Date acquired Total Checkouts Full call number Barcode Date due Date last seen Date last checked out Price effective from Koha item type
          Teaching Resources KH8 Senior School Library KH8 Senior School Library Staff Office 2023-08-23 1 423 CAM TRKHSL002308 2025-07-04 2024-11-07 2024-11-07 2023-08-23 Teaching Resources
          Teaching Resources KH8 Senior School Library KH8 Senior School Library Staff Office 2023-08-23 1 423 CAM TRKHSL002309 2025-07-04 2024-11-07 2024-11-07 2023-08-23 Teaching Resources
          Teaching Resources KH8 Senior School Library KH8 Senior School Library Staff Office 2023-08-23 1 423 CAM TRKHSL002310 2025-07-04 2024-11-07 2024-11-07 2023-08-23 Teaching Resources
          Teaching Resources KH8 Senior School Library KH8 Senior School Library Staff Office 2023-08-23 1 423 CAM TRKHSL002311 2025-07-04 2025-04-25 2025-04-25 2023-08-23 Teaching Resources
          Teaching Resources KH8 Senior School Library KH8 Senior School Library Staff Office 2023-08-23 1 423 CAM TRKHSL002312 2025-07-04 2024-11-07 2024-11-07 2023-08-23 Teaching Resources

Powered By KH8 IT Dept